000 00736nam a2200241Ia 4500
003 OSt
005 20220928120759.0
006 a|||||r|||| 00| 0
007 ta
008 220927b |||||||| |||| 00| 0 eng d
024 _a27105
037 _cTextual
040 _aSDCL
_cSDCL
_beng
041 _2eng
_aeng
082 _aX:8N1, K8
100 _aVardaman George T
_9451097
245 0 _aManagerial control through communication
_b Systems for organizational diagnosis and design
260 _aNew York
_b John Wiley & Sons
_c1968
300 _axii,496p
_ccm.
700 _a Halterman Carroll C
_9451098
942 _hX:8N1, K8
_cTEXL
_2CC
999 _c765212
_d765212